Impacto de la función del coordinador docente en la calidad de los aprendizajes del Liceo Pedro María Espaillat del Distrito Educativo 08-07 de Villa Bisonó, Período 2011-2012 (Record no. 254)

MARC details
000 -LEADER
campo de control de longitud fija 02565nam a2200577Ia 4500
001 - NÚMERO DE CONTROL
campo de control 286
008 - DATOS DE LONGITUD FIJA--INFORMACIÓN GENERAL
campo de control de longitud fija 241029s9999 xx 000 0 und d
010 ## - NÚMERO DE CONTROL DE LA BIBLIOTECA DEL CONGRESO
Número de control de LC 254
041 ## - CÓDIGO DE IDIOMA
Código de lengua del texto/banda sonora o título independiente Español
082 ## - NÚMERO DE LA CLASIFICACIÓN DECIMAL DEWEY
Número de clasificación MGC12-013
245 #0 - MENCIÓN DEL TÍTULO
Título Impacto de la función del coordinador docente en la calidad de los aprendizajes del Liceo Pedro María Espaillat del Distrito Educativo 08-07 de Villa Bisonó, Período 2011-2012
260 ## - PUBLICACIÓN, DISTRIBUCIÓN, ETC.
Lugar de publicación, distribución, etc. Santiago
300 ## - DESCRIPCIÓN FÍSICA
Extensión 127
520 ## - RESUMEN, ETC.
Sumario, etc. 5
520 ## - RESUMEN, ETC.
Sumario, etc. El objetivo general de este estudio fue determinar el impacto de la función del coordinador  docente en la calidad de los aprendizajes del Liceo Pedro Maria Espaillat del Distrito Educativo 08-07 de Villa Bisonó, Periodo 2011-2012   El diseño del estudio fue no experimental. La investigación fue de tipo bibliográfico con  estudio de campo. Se llevó a cabo empleando el método deductivo.Partiendo de los datos generales arrojados por los docentes, la comunidad y la familia en la escuela, se determinó que para el director del centro, la incidencia del rol del coordinador del centro en el aprendizaje de los alumnos es significativo ya que así lo expresó el 76% de los estudiantes y el 90% de lo padres. El 53% de los docentes afirmaron que el coordinador docente da seguimiento al trabajo, analizando  el funcionamiento del grupo. Además de elaborar y dar a conocer los proyectos individuales de aula.     
630 ## - PUNTO DE ACCESO ADICIONAL DE MATERIA--TÍTULO UNIFORME
Título uniforme Acompañamiento Escolar
630 ## - PUNTO DE ACCESO ADICIONAL DE MATERIA--TÍTULO UNIFORME
Título uniforme Acompañamiento Pedagógico
630 ## - PUNTO DE ACCESO ADICIONAL DE MATERIA--TÍTULO UNIFORME
Título uniforme Actores Educativos
630 ## - PUNTO DE ACCESO ADICIONAL DE MATERIA--TÍTULO UNIFORME
Título uniforme Calidad Educativa
630 ## - PUNTO DE ACCESO ADICIONAL DE MATERIA--TÍTULO UNIFORME
Título uniforme Desempeño Docente
650 ## - PUNTO DE ACCESO ADICIONAL DE MATERIA--TÉRMINO DE MATERIA
Término de materia o nombre geográfico como elemento de entrada Calidad Educativa
690 ## - PUNTO DE ACCESO ADICIONAL DE MATERIA LOCAL--TÉRMINO DE MATERIA (OCLC, RLIN)
Término de materia o nombre geográfico como elemento inicial Elaborado
700 ## - ENTRADA AGREGADA--NOMBRE PERSONAL
Término indicativo de función/relación asesor
Nombre de persona Mencía, Pedro
700 ## - ENTRADA AGREGADA--NOMBRE PERSONAL
Término indicativo de función/relación autor
Nombre de persona Reyes, Maria Libanesa
700 ## - ENTRADA AGREGADA--NOMBRE PERSONAL
Término indicativo de función/relación autor
Nombre de persona Fulgencio, Deborah Maria
901 ## - ELEMENTOS DE DATOS A LOCAL LDA (RLIN)
a {"1":"Reyes","2":"Fulgencio"}
b {"1":"Maria Libanesa ","2":"Deborah Maria "}
902 ## - ELEMENTOS DE DATOS B LOCAL, LDB (RLIN)
a 1
903 ## - ELEMENTOS DE DATOS C LOCAL, LDC (RLIN)
a {"1":"Mencía"}
b {"1":"Pedro"}
904 ## - ELEMENTOS DE DATOS D LOCAL, LDD (RLIN)
a Magíster en
905 ## - ELEMENTOS DE DATOS E LOCAL, LDE (RLIN)
a Educación
906 ## - ELEMENTOS DE DATOS F LOCAL, LDF (RLIN)
a 1
907 ## - ELEMENTOS DE DATOS G LOCAL, LDG (RLIN)
a Mención en
908 ## - COLOCAR PARÁMETRO DE COMANDO (RLIN)
Colocar parámetro de comando Gestión de Centros Educativos
909 ## -
-- Universidad Abierta para Adultos (UAPA), Recinto Santiago
910 ## - DATOS DE OPCIÓN DEL USUARIO (OCLC)
Datos de opción del usuario NULL
-- NULL
911 ## - EQUIVALENCIA O REFERENCIA-CRUZADA-NOMBRE DE CONFERENCIA O REUNIÓN/CONGRESO [LOCAL, CANADÁ]
Nombre de congreso/reunión o jurisdicción como elemento de entrada ["1"]
912 ## -
-- NO APLICA
913 ## -
-- NULL
914 ## -
-- 01 de Septiembre de 2012
915 ## -
-- 18/07/15 11:07
916 ## -
-- NULL
917 ## -
-- NULL
918 ## -
-- NO APLICA
919 ## -
-- ["207","2","7","29","62"]
921 ## -
-- 11
922 ## -
-- 11
923 ## -
-- 0
924 ## -
-- NO APLICA
942 ## - ELEMENTOS DE ENTRADA SECUNDARIOS (KOHA)
Tipo de ítem Koha

No items available.

© 2024. Todos los Derechos Reservados. Desarrollado por IDEICE